| 000 | 00672 a2200205 4500 | ||
|---|---|---|---|
| 999 |
_c200130530 _d4494 |
||
| 001 | 200130530 | ||
| 003 | TR-AnTOB | ||
| 005 | 20231213143516.0 | ||
| 008 | 160507b tu n0 0 0 d | ||
| 022 | _a13068946 | ||
| 040 |
_aTR-AnTOB _beng _cTR-AnTOB _erda |
||
| 041 | _atur | ||
| 099 | _aJOURNAL - GİRİŞ | ||
| 245 | 0 |
_aGirişimcilik ve kalkınma dergisi _bjournal of entrepreneurship and development. |
|
| 260 |
_aÇanakkale: _bÇanakkale Onsekiz Mart Üniversitesi (ÇOMÜ)İbrahim Bodur Girişimcilik Uygulama ve Araştırma Merkezi, _c2006 |
||
| 310 | _aAnnual | ||
| 650 | 7 |
_aGirişimcilik _vSüreli yayınlar _2etuturkob _993176 |
|
| 942 |
_cCR _2lcc |
||